000 00520nam a2200193Ia 4500
003 0100
008 130303s9999 xx 000 0 und d
040 _cARRUPELIB
050 _aBV630.L561982
100 _aEnglish, Rev. Dr. Donald
245 4 _aThe Lion Handbook of Christian Belief
245 _bWhat do Christians Believe? Are these beliefs credible? Do they still make sense
260 _aEngland
260 _bThe Lion Publishing
260 _C1982
300 _a480p
650 _bPsychology
942 0 0 _01
999 _c25156
_d25156